Heat exchanger design guide : a practical guide for planning, selecting and designing of shell and tube exchangers

Guardat en:
Dades bibliogràfiques
Autor principal:  Nitsche, Manfred
Format: Sách
Idioma:Undetermined
Publicat:  Elsevier  2016
Matèries:
Etiquetes: Afegir etiqueta
Sense etiquetes, Sigues el primer a etiquetar aquest registre!
Thư viện lưu trữ: Trung tâm Thư viện - Trường Đại học Công nghiệp TP. Hồ Chí Minh
LEADER 00578nam a2200157Ia 4500
001 UIH_03223
008 231011s9999 xx 000 0 und d
082 |a  621.4022 
100 |a  Nitsche, Manfred 
245 0 |a  Heat exchanger design guide : a practical guide for planning, selecting and designing of shell and tube exchangers 
245 0 |c  Nitsche, Manfred 
260 |b  Elsevier 
260 |c  2016 
650 |a  Heat exchangers; Trao đổi nhiệt;  
927 |a Sách 
980 |a Trung tâm Thư viện - Trường Đại học Công nghiệp TP. Hồ Chí Minh